01577nam a2200313 a 4500001001000000005001700010008004100027041000800068044000700076084002100083100005000104245011200154260003200266300002200298500027800320500010100598500010400699500004700803500000900850650005700859650006100916650003900977650005001016740005001066902000801116942001101124999001501135952011301150BRCA_242820190320203814.0141108s1782----sp-a---###---#000-0#spa-u aspa asp a070b.M376c17821 aCervantes Saavedra, Miguel ded1547-1616921310aVida y hechos del Ingenioso Caballero Don Quixote de la Manchaccompuesto por Miguel de Cervantes Saavedra. aMadridbManuel Martinc1782 a4 v.bil.c16 cm. aContenido : v 1. Primera parte. Dedicatoria de Cide Hamete Benengeli. Algunos versos preliminares. Prólogo del autor. Texto. -- v 2. Texto. -- v 3. Segunda parte. Versos preliminares. Poesías de los académicos de Argamacilla. Prólogo del autor. Texto. -- v 4. Texto aEdición : Nueva edición. Corregida e ilustrada con 44 estampas. Dedicada al mismo D. Quixote aEjemplar por completo igual al LO-069. Piel; lomeras adornadas con filetes dorados Lúdovik Osterc aCon ex-libris de : Robert Washington Vates aQM5714aNovela españolayÉpoca clásica, 1500-1700921514aLiteratura españolayÉpoca clásica, 1500-1700921614aNovela españolaySiglo XVII921714aDon Quijote (Personaje ficticio)eNovela92180 aEl Ingenioso Hidalgo Don Quijote de la Mancha aQFM 2lcccB c2169d2169 00104070aBRCAbBRCAd2008-11-14iQM57l0o070 .M376 1782 (QM57)p2425r2019-03-22 00:00:00w2019-03-22yB